000 00982nam a22002777a 4500
001 BR8905321
003 BR-BrBNA
005 20230928093326.0
007 ta
008 230509b bl.||||| |||| 00| 0 por d
040 _aBR-BrBNA
_bpor
_cBiblioteca Nacional de Agricultura
041 _a(Por)
072 _aF06; F60
_b0150
_b/G514
090 _ 0150 BR8905321
100 1 _aRocha, I. de B.
110 1 _aUniversidade Federal de Vicosa, MG (Brasil)
_0Tese (Magister Scientiae)
245 1 _aEvapotranspiracao (ET)e coeficiente de cultura (Kc)para o arroz (Oryza sativa L.), cultivar Rio Paranaiba, irrigado por aspersao
260 3 _aVicosa, MG (Brasil):
_c1989.
300 _a57 p.
500 _a7 illus.; 6 tables; 36 ref.; Summaries (Eng, Por). (*) Documento disponível na(o) Universidade Federal de Vicosa, MG (Brazil)
650 _aARROZ
650 _aIRRIGACAO POR ASPERSAO
650 _aEVAPOTRANSPIRACAO
909 _a202309
_bLucia
_c55
_dLucia Elande
942 _cBK
999 _c44327
_d44327